LEADER 00811nam0 2200265 450 001 000017475 005 20081014082110.0 100 $a20081014d1933----km-y0itay50------ba 101 0 $afre 102 $aFR 105 $ay-------001yy 200 1 $a<>après - guerre et la politique commerciale$fClaude-Joseph Gignoux 205 $a2e éd. 210 $aParis$cA. Colin$d1933 215 $aVIII, 200 p.$d17 cm 225 2 $aCollection Armand Colin$v51 410 0$12001$aCollection Armand Colin 610 1 $aPolitica commerciale 676 $a330.902$v19 700 1$aGignoux,$bClaude Joseph$0258285 801 0$aIT$bUNIPARTHENOPE$c20081014$gRICA$2UNIMARC 912 $a000017475 951 $a390.902/102$b2163$cNAVA1 996 $aAprès - guerre et la politique commerciale$91202156 997 $aUNIPARTHENOPE LEADER 01144nam0-2200313---450- 001 990009200230403321 005 20100617142211.0 035 $a000920023 035 $aFED01000920023 035 $a(Aleph)000920023FED01 035 $a000920023 100 $a20100617d1935----km-y0itay50------ba 101 0 $alat 102 $aDE 105 $ay-------001yy 200 1 $aI. Firmici Materni consultationes Zacchaei et Apollonii ad norman codicum recognitas adiectis adnotationibus criticis et indicibus$fedidit Germanus Morin 210 $aBonnae$csumptibus Petri Hanstein$d1935 215 $a134 p.$d23 cm 225 1 $aFlorilegium patristicum tam veteris quam medii aevi auctores complectens. - Bonnae$v39 676 $a234 700 1$aFirmicus Maternus,$bIulius$0185791 702 1$aMorin,$bGermain$f<<1861-1946>> 801 0$aIT$bUNINA$gRICA$2UNIMARC 901 $aBK 912 $a990009200230403321 952 $a234 MOR 1$bBibl.12611$fFLFBC 959 $aFLFBC 996 $aI. Firmici Materni consultationes Zacchaei et Apollonii ad norman codicum recognitas adiectis adnotationibus criticis et indicibus$9774983 997 $aUNINA